000 00563nam a22001935i 4500
001 171375
003 ES-MaACL
005 20240508191003.0
008 090513s1934 it |||| | ita d
080 _a929 D'Annunzio, Gabriele
100 1 _aSodini, Angelo.
_9140102
245 1 0 _aAriel armato (Gabriele D'Annunzio) /
_cAngelo Sodini.
250 _a5ยช ed.
260 _aMilano :
_bA. Mondadori,
_c1934.
300 _aXIII, 563 p. ;
_c21 cm.
600 1 4 _aD'Annunzio, Gabriele,
_d1863-1938
_942351
852 _aES-MaACL
_jA-2978
999 _c171375
_d171375